|
|
|
|
| LEADER |
00000cam a2200000 c 4500 |
| 001 |
847110249 |
| 003 |
DE-627 |
| 005 |
20251224201322.0 |
| 007 |
tu |
| 008 |
160204s2016 xxk||||| 00| ||eng c |
| 020 |
|
|
|a 9780199696703
|c : Festeinband
|9 978-0-19-969670-3
|
| 020 |
|
|
|a 9780198816607
|c pbk.
|9 978-0-19-881660-7
|
| 024 |
3 |
|
|a 9780199696703
|
| 035 |
|
|
|a (DE-627)847110249
|
| 035 |
|
|
|a (DE-576)445705639
|
| 035 |
|
|
|a (DE-599)BSZ445705639
|
| 035 |
|
|
|a (OCoLC)947132666
|
| 040 |
|
|
|a DE-627
|b ger
|c DE-627
|e rda
|
| 041 |
|
|
|a eng
|
| 044 |
|
|
|c XA-GB
|c XD-US
|
| 050 |
|
0 |
|a BP166
|
| 082 |
0 |
|
|a 297.2
|2 23
|
| 084 |
|
|
|a RG
|2 fivr
|
| 084 |
|
|
|a SG09
|2 fivs
|
| 084 |
|
|
|a 0
|a 6,23
|2 ssgn
|
| 084 |
|
|
|a BE 8671
|2 rvk
|0 (DE-625)rvk/10812:
|
| 084 |
|
|
|a BE 8630
|2 rvk
|0 (DE-625)rvk/10792:
|
| 084 |
|
|
|a 11.83
|2 bkl
|
| 245 |
0 |
4 |
|a The Oxford handbook of Islamic theology
|c edited by Sabine Schmidtke
|
| 246 |
3 |
3 |
|a Handbook of Islamic theology
|
| 246 |
3 |
3 |
|a Islamic theology
|
| 264 |
|
1 |
|a Oxford, United Kingdom
|a New York, NY
|b Oxford University Press
|c 2016
|
| 300 |
|
|
|a xi, 815 Seiten
|c 26 cm
|
| 336 |
|
|
|a Text
|b txt
|2 rdacontent
|
| 337 |
|
|
|a ohne Hilfsmittel zu benutzen
|b n
|2 rdamedia
|
| 338 |
|
|
|a Band
|b nc
|2 rdacarrier
|
| 490 |
0 |
|
|a [Oxford handbooks]
|
| 490 |
0 |
|
|a [Oxford handbooks in religion and theology]
|
| 500 |
|
|
|a 1. Serientitel der hinteren Klappe des losen Schutzumschlags entnommen. - 2. Serientitel der Verlagsinternetseite entnommen
|
| 500 |
|
|
|a Literaturhinweise, Register
|
| 505 |
8 |
0 |
|t Introduction
|r Sabine Schmidkte
|
| 505 |
8 |
0 |
|t Origins of Kalām
|r Alexander Treiger
|
| 505 |
8 |
0 |
|t The early Qadariyya
|r Steven Judd
|
| 505 |
8 |
0 |
|t Jahm b. Ṣafwān (d. 128/745-46) and the 'Jahmiyya' and Ḍirār b. 'Amr (d. 200/815)
|r Cornelia Schöck
|
| 505 |
8 |
0 |
|t Early Shī'ī theology
|r Mohammed-Ali Amir-Moezzi
|
| 505 |
8 |
0 |
|t Excursus I: Christian theological thought during the first 'Abbāsid Century
|r Sidney H. Griffith
|
| 505 |
8 |
0 |
|t Excursus II: ungodly cosmologies
|r Patricia Crone
|
| 505 |
8 |
0 |
|t The Mu'tazilite movement (I): the origins of the Mu'tazila
|r Racha el-Omari
|
| 505 |
8 |
0 |
|t The Mu'tazilite movement (II): the early Mu'tazilites
|r David Bennett
|
| 505 |
8 |
0 |
|t The Mu'tazilite movement (III): the Scholastic phase
|r Sabine Schmidtke
|
| 505 |
8 |
0 |
|t The Shī'ī reception of Mu'tazilism (I): Zaydīs
|r Hassan Ansari
|
| 505 |
8 |
0 |
|t The Shī'ī Reception of Mu'tazilism (II): twelver Shī'is
|r Hassan Ansari and Sabine Schmidtke
|
| 505 |
8 |
0 |
|t The predecessors of Ash'arism: Ibn Kullāb, al-Muḥāsibī, and al-Qalānisī
|r Harith Bin Ramli
|
| 505 |
8 |
0 |
|t Between Cordoba and Nīsābūr: the emergence and consolidation of Ash'arism (fourth-fith/tenth-eleventh century)
|r Jan Thiele
|
| 505 |
8 |
0 |
|t Early Ibāḍī theology
|r Wilferd Madelung
|
| 505 |
8 |
0 |
|t Karrāmiyya
|r Aron Zysow
|
| 505 |
8 |
0 |
|t Scripturalist and traditionalist theology
|r Binyamin Abrahamov
|
| 505 |
8 |
0 |
|t Ḥanafī̄ theological tradition and Māturīdism
|r Ulrich Rudolph
|
| 505 |
8 |
0 |
|t Philosophical theology
|r Peter Adamson
|
| 505 |
8 |
0 |
|t Ismā'īlī theology
|r Daniel de Smet
|
| 505 |
8 |
0 |
|t Sufi theological thought: Martin Nguyen
|
| 505 |
8 |
0 |
|t Occasionalism
|r Ulrich Rudolph
|
| 505 |
8 |
0 |
|t Abū Hāshim al-Jubbā'ī's (d. 321/933) theory of the states (aḥwāl) and its adaptation among Ash'arite theologians
|r Jan Thiele
|
| 505 |
8 |
0 |
|t Theories of ethical value in Kalām: a new interpretation
|r Ayman Shihadeh
|
| 505 |
8 |
0 |
|t Theology and logic
|r Khaled el-Rouayheb
|
| 505 |
8 |
0 |
|t Theology versus philosophy: al-Ghazālī's Tahāfut al-falāsifa and Ibn al-Malāḥimī's Tuḥfat al-mutakallimīn fi l-radd 'alā l-falāsifa
|r Frank Griffel
|
| 505 |
8 |
0 |
|t Twelver Shī'ite theology
|r Reza Pourjavady and Sabine Schmidtke
|
| 505 |
8 |
0 |
|t Zaydī theology in Yemen
|r Hassan Ansari, Sabine Schmidtke, and Jan Thiele
|
| 505 |
8 |
0 |
|t Handbooks in the tradition of later eastern Ash'arism
|r Heidrun Eichner
|
| 505 |
8 |
0 |
|t Later Ash'arism in the Islamic west
|r Delfina Serrano
|
| 505 |
8 |
0 |
|t Egypt and the later Ash'arite school
|r Aaron Spevack
|
| 505 |
8 |
0 |
|t Excursus III: the Coptic and Syriac receptions of Neo-Ash'arite theology
|r Gregor Schwarb
|
| 505 |
8 |
0 |
|t Theology in the Ottoman lands
|r M. Sait Ozervarli
|
| 505 |
8 |
0 |
|t Theology in Central Asia
|r Nathan Spannaus
|
| 505 |
8 |
0 |
|t Theology in the Indian subcontinent
|r Asad Q. Ahmed and Reza Pourjavady
|
| 505 |
8 |
0 |
|t Ḥanbalī theology
|r Jon Hoover
|
| 505 |
8 |
0 |
|t al-Ma'mūn (r. 189/813-218/833) and the Miḥna
|r Nimrod Hurvitz
|
| 505 |
8 |
0 |
|t The Miḥna of Ibn 'Aqīl (d. 513/1119) and the Fitnat Ibn al-Qushayrī
|r Livnat Holtzman
|
| 505 |
8 |
0 |
|t The religious policy of the Almohads
|r Maribel Fierro
|
| 505 |
8 |
0 |
|t Interpretations of Ash'arism and Māturīdism among Mamluks and Ottomans
|r Lutz Berger
|
| 505 |
8 |
0 |
|t Main trends of Islamic theological thought from the late 19th century to present times
|r Rotraud Wielandt
|
| 505 |
8 |
0 |
|t Striving for a new exegesis of the Qur'ān
|r Johanna Pink
|
| 583 |
1 |
|
|a Archivierung/Langzeitarchivierung gewährleistet
|f SSG
|x XA-DE-BW
|2 pdager
|5 DE-21
|
| 601 |
|
|
|a Theologe
|
| 630 |
0 |
7 |
|0 (DE-588)4032444-8
|0 (DE-627)10626186X
|0 (DE-576)208996842
|a Koran
|2 gnd
|
| 650 |
|
0 |
|a Islam
|x Doctrines
|v Handbooks, manuals, etc
|
| 650 |
0 |
7 |
|0 (DE-588)4049426-3
|0 (DE-627)106187058
|0 (DE-576)209082003
|a Religionswissenschaft
|2 gnd
|
| 650 |
0 |
7 |
|0 (DE-588)4027743-4
|0 (DE-627)106283499
|0 (DE-576)20897220X
|a Islam
|2 gnd
|
| 650 |
0 |
7 |
|0 (DE-588)4162468-3
|0 (DE-627)104657928
|0 (DE-576)209873639
|a Islamwissenschaft
|2 gnd
|
| 650 |
0 |
7 |
|0 (DE-588)4049396-9
|0 (DE-627)106187155
|0 (DE-576)209081880
|a Religion
|2 gnd
|
| 650 |
0 |
7 |
|0 (DE-588)4020517-4
|0 (DE-627)106317768
|0 (DE-576)208933697
|a Geschichte
|2 gnd
|
| 650 |
0 |
7 |
|0 (DE-588)4071653-3
|0 (DE-627)104288663
|0 (DE-576)209184574
|a Geistesgeschichte
|2 gnd
|
| 650 |
0 |
7 |
|0 (DE-588)4138031-9
|0 (DE-627)105645575
|0 (DE-576)209682647
|a Ideengeschichte
|2 gnd
|
| 650 |
0 |
7 |
|0 (DE-588)4026486-5
|0 (DE-627)106288180
|0 (DE-576)208966552
|a Ideologie
|2 gnd
|
| 650 |
0 |
7 |
|0 (DE-588)1182267297
|0 (DE-627)1662604343
|a Politischer Islam
|2 gnd
|
| 650 |
0 |
7 |
|0 (DE-588)4049415-9
|0 (DE-627)104598581
|0 (DE-576)209081953
|a Religionsphilosophie
|2 gnd
|
| 650 |
0 |
7 |
|0 (DE-588)4049401-9
|0 (DE-627)106187147
|0 (DE-576)209081899
|a Religionsgemeinschaft
|2 gnd
|
| 650 |
0 |
7 |
|0 (DE-588)4040921-1
|0 (DE-627)106221205
|0 (DE-576)209042680
|a Muslim
|2 gnd
|
| 650 |
0 |
7 |
|0 (DE-588)4205115-0
|0 (DE-627)105138142
|0 (DE-576)21016669X
|a Religionsausübung
|2 gnd
|
| 650 |
0 |
7 |
|0 (DE-588)1151921939
|0 (DE-627)101270016X
|0 (DE-576)498151891
|a Islamisches Recht
|2 gnd
|
| 651 |
|
7 |
|0 (DE-588)4068878-1
|0 (DE-627)104589485
|0 (DE-576)20917496X
|a Naher Osten
|2 gnd
|
| 651 |
|
7 |
|0 (DE-588)4039755-5
|0 (DE-627)106226711
|0 (DE-576)209036524
|a Mittlerer Osten
|2 gnd
|
| 651 |
|
7 |
|0 (DE-588)4042482-0
|0 (DE-627)106214187
|0 (DE-576)209050667
|a Nordafrika
|2 gnd
|
| 655 |
|
2 |
|a Handbooks
|
| 655 |
|
7 |
|a Aufsatzsammlung
|0 (DE-588)4143413-4
|0 (DE-627)105605727
|0 (DE-576)209726091
|2 gnd-content
|
| 689 |
0 |
0 |
|d s
|0 (DE-588)4335198-0
|0 (DE-627)148589847
|0 (DE-576)211356794
|2 gnd
|a Islamische Theologie
|
| 689 |
0 |
1 |
|d s
|0 (DE-588)4158977-4
|0 (DE-627)104805617
|0 (DE-576)209846577
|2 gnd
|a Handbuch
|
| 689 |
0 |
|
|5 (DE-627)
|
| 700 |
1 |
|
|e HerausgeberIn
|0 (DE-588)143773771
|0 (DE-627)654718466
|0 (DE-576)167401807
|4 edt
|a Schmidtke, Sabine
|d 19XX-
|
| 700 |
1 |
|
|e VerfasserIn
|0 (DE-588)1158066295
|0 (DE-627)1021785903
|0 (DE-576)503577960
|4 aut
|a Abrahamov, Binyamin
|
| 700 |
1 |
|
|e VerfasserIn
|0 (DE-588)139896104
|0 (DE-627)614193532
|0 (DE-576)310874343
|4 aut
|a Adamson, Peter
|d 1972-
|
| 700 |
1 |
|
|e VerfasserIn
|0 (DE-588)1137884584
|0 (DE-627)895180243
|0 (DE-576)491850913
|4 aut
|a Ahmed, Asad Q.
|d 1977-
|
| 700 |
1 |
|
|e VerfasserIn
|0 (DE-588)13005710X
|0 (DE-627)488796512
|0 (DE-576)170221423
|4 aut
|a Amir-Moezzi, Mohammad Ali
|d 1956-
|
| 700 |
1 |
|
|e VerfasserIn
|0 (DE-588)1036765210
|0 (DE-627)751688738
|0 (DE-576)386819173
|4 aut
|a Anṣārī, Ḥasan
|d 1970-
|
| 700 |
1 |
|
|e VerfasserIn
|0 (DE-588)1169086322
|0 (DE-627)1032724803
|0 (DE-576)51191220X
|4 aut
|a Bennett, David
|
| 700 |
1 |
|
|e VerfasserIn
|0 (DE-588)133935116
|0 (DE-627)558741657
|0 (DE-576)300202571
|4 aut
|a Berger, Lutz
|d 1969-
|
| 700 |
1 |
|
|e VerfasserIn
|0 (DE-588)131444778
|0 (DE-627)509065775
|0 (DE-576)160644704
|4 aut
|a Crone, Patricia
|d 1945-2015
|
| 700 |
1 |
|
|e VerfasserIn
|0 (DE-588)141072970
|0 (DE-627)624524590
|0 (DE-576)322046092
|4 aut
|a De Smet, Daniel
|
| 700 |
1 |
|
|e VerfasserIn
|0 (DE-588)132813270
|0 (DE-627)526638427
|0 (DE-576)299431053
|4 aut
|a Eichner, Heidrun
|d 1973-
|
| 700 |
1 |
|
|e VerfasserIn
|0 (DE-588)1099732689
|0 (DE-627)858751429
|0 (DE-576)469352728
|4 aut
|a Omari, Racha Moujir el
|
| 700 |
1 |
|
|e VerfasserIn
|0 (DE-588)1011298511
|0 (DE-627)663882230
|0 (DE-576)347054285
|4 aut
|a El-Rouayheb, Khaled
|d 1970-
|
| 700 |
1 |
|
|e VerfasserIn
|0 (DE-588)1054572747
|0 (DE-627)791627217
|0 (DE-576)410340162
|4 aut
|a Fierro, Maribel
|d 1956-
|
| 700 |
1 |
|
|e VerfasserIn
|0 (DE-588)13936112X
|0 (DE-627)610255568
|0 (DE-576)311374662
|4 aut
|a Griffel, Frank
|d 1965-
|
| 700 |
1 |
|
|e VerfasserIn
|0 (DE-588)1033344192
|0 (DE-627)740923269
|0 (DE-576)380937638
|4 aut
|a Griffith, Sidney Harrison
|d 1938-
|
| 700 |
1 |
|
|e VerfasserIn
|0 (DE-588)1155424115
|0 (DE-627)1017712956
|0 (DE-576)50163424X
|4 aut
|a Holtsman, Livnat
|d 1965-
|
| 700 |
1 |
|
|e VerfasserIn
|0 (DE-588)173975178
|0 (DE-627)698874412
|0 (DE-576)134812158
|4 aut
|a Hoover, Jon
|
| 700 |
1 |
|
|e VerfasserIn
|0 (DE-588)1056951591
|0 (DE-627)794275451
|0 (DE-576)412946580
|4 aut
|a Hurvitz, Nimrod
|d 1958-
|
| 700 |
1 |
|
|e VerfasserIn
|0 (DE-588)1126277878
|0 (DE-627)880877014
|0 (DE-576)484460838
|4 aut
|a Judd, Steven C.
|
| 700 |
1 |
|
|e VerfasserIn
|0 (DE-588)128802790
|0 (DE-627)380642670
|0 (DE-576)162092644
|4 aut
|a Madelung, Wilferd
|d 1930-2023
|
| 700 |
1 |
|
|e VerfasserIn
|0 (DE-588)1168060818
|0 (DE-627)1031763023
|0 (DE-576)511424876
|4 aut
|a Nguyen, Martin
|d 1979-
|
| 700 |
1 |
|
|e VerfasserIn
|0 (DE-588)132617919
|0 (DE-627)524116970
|0 (DE-576)299259935
|4 aut
|a Özervarlı, M. Sait
|
| 700 |
1 |
|
|e VerfasserIn
|0 (DE-588)124614043
|0 (DE-627)36344579X
|0 (DE-576)186158076
|4 aut
|a Pink, Johanna
|d 1974-
|
| 700 |
1 |
|
|e VerfasserIn
|0 (DE-588)1030175276
|0 (DE-627)734889208
|0 (DE-576)377981737
|4 aut
|a Pūrǧawādī, Riḍā
|
| 700 |
1 |
|
|e VerfasserIn
|0 (DE-588)1169087043
|0 (DE-627)1032725451
|0 (DE-576)511913303
|4 aut
|a Bin Ramli, Harith
|
| 700 |
1 |
|
|e VerfasserIn
|0 (DE-588)108597792
|0 (DE-627)394251709
|0 (DE-576)289616980
|4 aut
|a Rudolph, Ulrich
|d 1957-
|
| 700 |
1 |
|
|e VerfasserIn
|0 (DE-588)143395130
|0 (DE-627)704474891
|0 (DE-576)336831935
|4 aut
|a Schöck, Cornelia
|
| 700 |
1 |
|
|e VerfasserIn
|0 (DE-588)1169087469
|0 (DE-627)1032726199
|0 (DE-576)511914423
|4 aut
|a Schwarb, Gregor
|
| 700 |
1 |
|
|e VerfasserIn
|0 (DE-588)116908818X
|0 (DE-627)103272711X
|0 (DE-576)511915365
|4 aut
|a Serrano Ruano, Delfina
|
| 700 |
1 |
|
|e VerfasserIn
|0 (DE-588)139456392
|0 (DE-627)611261324
|0 (DE-576)31184491X
|4 aut
|a Shihadeh, Ayman
|d 1973-
|
| 700 |
1 |
|
|e VerfasserIn
|0 (DE-588)1169088864
|0 (DE-627)1032727713
|0 (DE-576)511915896
|4 aut
|a Spannaus, Nathan
|
| 700 |
1 |
|
|e VerfasserIn
|0 (DE-588)1062789563
|0 (DE-627)806916834
|0 (DE-576)420197095
|4 aut
|a Spevack, Aaron
|
| 700 |
1 |
|
|e VerfasserIn
|0 (DE-588)1015130488
|0 (DE-627)668092815
|0 (DE-576)350145776
|4 aut
|a Thiele, Jan
|
| 700 |
1 |
|
|e VerfasserIn
|0 (DE-588)1057011533
|0 (DE-627)795033605
|0 (DE-576)369687701
|4 aut
|a Treiger, Alexander
|
| 700 |
1 |
|
|e VerfasserIn
|0 (DE-588)14370043X
|0 (DE-627)704574705
|0 (DE-576)338454632
|4 aut
|a Wielandt, Rotraud
|d 1944-
|
| 700 |
1 |
|
|e VerfasserIn
|0 (DE-588)1169089380
|0 (DE-627)1032728086
|0 (DE-576)511916566
|4 aut
|a Zysow, Aron
|
| 710 |
2 |
|
|e Verlag
|0 (DE-588)812629-X
|0 (DE-627)10263596X
|0 (DE-576)192310062
|4 pbl
|a Oxford University Press
|
| 776 |
0 |
8 |
|i Erscheint auch als
|n Online-Ausgabe
|t The Oxford handbook of Islamic theology
|d Oxford, United Kingdom : Oxford University Press, 2016
|h 1 Online-Ressource (xi, 815 Seiten)
|w (DE-627)1653481110
|w (DE-576)453311709
|z 9780191756924
|k Electronic
|
| 856 |
4 |
2 |
|u https://www.loc.gov/catdir/enhancements/fy1621/2016935488-b.html
|v 2016-10-04
|x Verlag
|3 Autorenbiografie
|7 1
|
| 856 |
4 |
2 |
|u https://www.loc.gov/catdir/enhancements/fy1621/2016935488-d.html
|v 2016-10-04
|x Verlag
|3 Verlagsangaben
|7 1
|
| 856 |
4 |
2 |
|u https://swbplus.bsz-bw.de/bsz445705639inh.htm
|m B:DE-576;DE-16
|q application/pdf
|v 20160523102222
|x Verlag
|3 Inhaltsverzeichnis
|7 1
|
| 856 |
4 |
2 |
|u https://swbplus.bsz-bw.de/bsz445705639kla.htm
|m B:DE-576;DE-21
|q application/pdf
|v 20160718101651
|x Verlag
|3 Klappentext
|7 1
|
| 935 |
|
|
|a mteo
|
| 935 |
|
|
|i Blocktest
|
| 936 |
r |
v |
|a BE 8671
|b Islamische Glaubensrichtungen allgemein
|k Theologie und Religionswissenschaften
|k Religionswissenschaft
|k Religionsgeschichte
|k Islam
|k Organisation und Rechtslehren
|k Islamische Glaubensrichtungen allgemein
|0 (DE-627)1270719483
|0 (DE-625)rvk/10812:
|0 (DE-576)200719483
|
| 936 |
r |
v |
|a BE 8630
|b Allgemeines
|k Theologie und Religionswissenschaften
|k Religionswissenschaft
|k Religionsgeschichte
|k Islam
|k Theologie
|k Allgemeines
|0 (DE-627)1447895452
|0 (DE-625)rvk/10792:
|0 (DE-576)377895458
|
| 936 |
b |
k |
|a 11.83
|j Strömungen
|j Glaubensrichtungen
|x Islam
|0 (DE-627)106408399
|
| 936 |
f |
i |
|0 (DE-627)1756133476
|a RG
|b Naher und Mittlerer Osten und Nordafrika
|k Naher und Mittlerer Osten und Nordafrika
|2 fivr
|
| 936 |
f |
i |
|0 (DE-627)1756136092
|a SG09
|b Religion/Religionsgemeinschaften
|k Gesellschaft
|k Religion/Religionsgemeinschaften
|2 fivs
|
| 938 |
1 |
0 |
|0 (DE-627)1756194904
|0 (DE-615)6602728
|a Naher und Mittlerer Osten und Nordafrika
|2 fivt
|
| 938 |
1 |
0 |
|0 (DE-627)1756197156
|0 (DE-615)6603764
|a Religionswissenschaft
|2 fivt
|
| 938 |
1 |
0 |
|0 (DE-627)1756169551
|0 (DE-615)6605656
|a Islam
|2 fivt
|
| 938 |
1 |
0 |
|0 (DE-627)1756170630
|0 (DE-615)6606198
|a Islamkunde
|2 fivt
|
| 938 |
1 |
0 |
|0 (DE-627)175616794X
|0 (DE-615)6605281
|a Religionsgeschichte
|2 fivt
|
| 938 |
1 |
0 |
|0 (DE-627)1756170509
|0 (DE-615)6606179
|a Geistesgeschichte/Ideengeschichte
|2 fivt
|
| 938 |
1 |
0 |
|0 (DE-627)1756185093
|0 (DE-615)6607647
|a Religionsbezogene Ideologie
|2 fivt
|
| 938 |
1 |
0 |
|0 (DE-627)1756218285
|0 (DE-615)6600436
|a Politischer Islam
|2 fivt
|
| 938 |
1 |
0 |
|0 (DE-627)1756223335
|0 (DE-615)6604972
|a Religionsphilosophie
|2 fivt
|
| 938 |
1 |
0 |
|0 (DE-627)1756170991
|0 (DE-615)6607192
|a Religionsgemeinschaft
|2 fivt
|
| 938 |
1 |
0 |
|0 (DE-627)1756152586
|0 (DE-615)6608431
|a Muslime
|2 fivt
|
| 938 |
1 |
0 |
|0 (DE-627)1756160902
|0 (DE-615)6602400
|a Religiöse Praxis
|2 fivt
|
| 938 |
1 |
0 |
|0 (DE-627)175620392X
|0 (DE-615)6600911
|a Koran
|2 fivt
|
| 938 |
1 |
0 |
|0 (DE-627)1756225982
|0 (DE-615)6605313
|a Islamisches Recht
|2 fivt
|
| 938 |
1 |
1 |
|0 (DE-627)1756190704
|0 (DE-615)6607505
|a Geschichtlicher Überblick
|2 fiva
|
| 938 |
1 |
1 |
|0 (DE-627)1756145067
|0 (DE-615)6603223
|a Überblicksdarstellung
|2 fiva
|
| 938 |
1 |
1 |
|0 (DE-627)1756172994
|0 (DE-615)6607306
|a Sufismus
|2 fiva
|
| 938 |
1 |
1 |
|0 (DE-627)1756169012
|0 (DE-615)6606759
|a Schia
|2 fiva
|
| 938 |
1 |
1 |
|0 (DE-627)1756176086
|0 (DE-615)6608095
|a Sunna
|2 fiva
|
| 938 |
1 |
1 |
|0 (DE-627)1756222843
|0 (DE-615)6605620
|a Ethik
|2 fiva
|
| 951 |
|
|
|a BO
|
| ACO |
|
|
|a 1
|
| CAN |
|
|
|a 1
|
| ELC |
|
|
|b 1
|
| ITA |
|
|
|a 1
|t 1
|
| LOK |
|
|
|0 000 xxxxxcx a22 zn 4500
|
| LOK |
|
|
|0 001 3201221589
|
| LOK |
|
|
|0 003 DE-627
|
| LOK |
|
|
|0 004 847110249
|
| LOK |
|
|
|0 005 20160719154735
|
| LOK |
|
|
|0 008 160623||||||||||||||||ger|||||||
|
| LOK |
|
|
|0 040
|a DE-21
|c DE-627
|d DE-21
|
| LOK |
|
|
|0 852
|z 2. impr.
|
| LOK |
|
|
|0 852
|a DE-21
|
| LOK |
|
|
|0 852 1
|c 56 A 4541
|m p
|9 00
|
| LOK |
|
|
|0 852 2
|b LS
|9 00
|
| LOK |
|
|
|0 852 1
|c islam E 106
|9 01
|
| LOK |
|
|
|0 935
|a theo
|a vord
|a alls
|
| LOK |
|
|
|0 936ln
|a t13
|
| LOK |
|
|
|0 938
|a 1607
|f 15
|
| LOK |
|
|
|0 938
|k p
|
| LOK |
|
|
|0 939
|a 23-06-16
|b l01
|
| LOK |
|
|
|0 000 xxxxxcx a22 zn 4500
|
| LOK |
|
|
|0 001 3722799007
|
| LOK |
|
|
|0 003 DE-627
|
| LOK |
|
|
|0 004 847110249
|
| LOK |
|
|
|0 005 20200811161632
|
| LOK |
|
|
|0 008 200709||||||||||||||||ger|||||||
|
| LOK |
|
|
|0 040
|a DE-21-42
|c DE-627
|d DE-21-42
|
| LOK |
|
|
|0 541
|e 2020/83
|
| LOK |
|
|
|0 852
|p 606075169906
|
| LOK |
|
|
|0 852
|a DE-21-42
|
| LOK |
|
|
|0 852 1
|c SCHMI 1
|m p
|9 00
|
| LOK |
|
|
|0 852 2
|b Philosophie-Sekundärliteratur
|9 00
|
| LOK |
|
|
|0 935
|a i042
|a orie
|a souf
|
| LOK |
|
|
|0 938
|a 2008
|
| LOK |
|
|
|0 938
|k p
|
| LOK |
|
|
|0 939
|a 09-07-20
|b l01
|
| LOK |
|
|
|0 000 xxxxxcx a22 zn 4500
|
| LOK |
|
|
|0 001 4426325951
|
| LOK |
|
|
|0 003 DE-627
|
| LOK |
|
|
|0 004 847110249
|
| LOK |
|
|
|0 005 20231219173810
|
| LOK |
|
|
|0 008 231205||||||||||||||||ger|||||||
|
| LOK |
|
|
|0 040
|a DE-Tue135
|c DE-627
|d DE-Tue135
|
| LOK |
|
|
|0 092
|o n
|
| LOK |
|
|
|0 852
|a DE-Tue135
|
| LOK |
|
|
|0 852 1
|9 00
|
| LOK |
|
|
|0 935
|a fivi
|
| LOK |
|
|
|0 939
|a 05-12-23
|b l01
|
| ORI |
|
|
|a SA-MARC-ixtheoa001.raw
|
| REF |
|
|
|a Rechtsgeschichte,Religionsgeschichte,Religionsrecht,Religiöses Recht
|
| REL |
|
|
|a 1
|
| STA |
0 |
0 |
|a Handbook,History of ideas,History,History,History in art,Ideology,Political science,Intellectual history,History of thought,Islam,Islam and politics,Islam,Islam,Islamic law,Islamic theology,Islam,Theology,Koran,Muḥammad,Kur'an,Qur'an,Muslim,Muslim,Mohammedan,Moslem,Near East,Middle East,Moyen-Orient,Orient,North Africa,Africa,Religion,Religion in literature,Religions,Religion,Religious organization,Religious society,Religion,Denomination,Religious philosophy,Philosophy of religion,Religion,Religious practice,Exercise of religion,Science of Religion,Religious studies,Religionswissenschaft,Religions
|
| STB |
0 |
0 |
|a Communauté religieuse,Droit islamique,Histoire des idées,Histoire intellectuelle,Histoire,Histoire,Histoire,Idéologie,Idées politiques,Islam et politique,Islam,Islam,Manuel,Musulman,Musulman,Philosophie des religions,Pratique religieuse,Religion,Religions,Religion,Science des religions,Théologie islamique,Études islamiques,Islamologie,Islamologie
|
| STC |
0 |
0 |
|a Ciencias de la religión,Comunidad religiosa,Derecho musulmán,Estudios islámicos,Filosofía de religión,Historia de las ideas,Historia intelectual,Historia,Historia,Historia,Ideología,Islam,Islam,Islamismo y política,Manual,Musulmán,Musulmán,Práctica religiosa,Religión,Religión,Religión,Teología islámica
|
| STD |
0 |
0 |
|a Comunità religiosa,Filosofia della religione,Ideologia,Islam,Islam,Manuale,Musulmano,Musulmano,Pratica religiosa,Religione,Religione,Religione,Scienze religiose,Shari'a,Diritto islamico,Storia delle idee,Storia dello spirito,Storia,Storia,Studi islamici,Teologia islamica
|
| STE |
0 |
0 |
|a 伊斯兰教,伊斯兰教,回教,回教,伊斯兰研究,伊斯兰神学,历史,史,宗教,宗教,宗教哲学,宗教团体,宗教学,宗教实践,意识形态,意缔牢结,意理,手册,穆斯林,穆斯林,精神史,观念史
|
| STF |
0 |
0 |
|a 伊斯兰教与政治,伊斯蘭教,伊斯蘭教,回教,回教,伊斯蘭教法,伊斯蘭研究,伊斯蘭神學,宗教,宗教,宗教哲學,宗教團體,宗教學,宗教實踐,意識形態,意締牢結,意理,手冊,歷史,史,穆斯林,穆斯林,精神史,觀念史
|
| STG |
0 |
0 |
|a Ciências da religião,Comunidade religiosa,Estudos islâmicos,Filosofia da religião,História das ideias,História intelectual,História,História,Ideologia,Islã,Islã,Manual,Muçulmano,Muçulmano,Prática religiosa,Religião,Religião,Teologia islâmica,Xaria
|
| STH |
0 |
0 |
|a Идеология,Ислам (мотив),Ислам,Исламоведение,Исламское богословие,История (мотив),История,История духа,История идей,Мусульманин (мотив),Мусульманин,Политический ислам,Религиоведение,Религиозная община,Религиозная практика,Религия,Религия (мотив),Руководство,Философия религии,Шариат
|
| STI |
0 |
0 |
|a Άσκηση των θρησκευτικών καθηκόντων,Εγχειρίδιο,Θρησκεία,Θρησκεία (μοτίβο),Θρησκειολογία,Θρησκευτική κοινότητα,Ιδεολογία,Ισλάμ (μοτίβο),Ισλάμ,Ισλαμικές σπουδές,Ισλαμική θεολογία,Ιστορία (μοτίβο),Ιστορία,Ιστορία των ιδεών,Μουσουλμάνος (μοτίβο),Μουσουλμάνος,Πνευματική ιστορία,Σαρία,Φιλοσοφία της θρησκείας
|
| SUB |
|
|
|a CAN
|a REL
|
| SYD |
0 |
0 |
|a al- Qurʾān,Kur'ân,Qorān,Qor'ân,Qur'an,Qurʾān,Kuran,Kuran-ı kerim,al-Furqān,al- Furqān,al-Furqān,Koranio,al-Qurʾān,The Holy Qur'an,Gulanjing,Mushaf al-Madina an-nabawiyya al-murattal 'ala riwayat Hafs 'an Asim,al-Qurʾān al-karīm,Alcoranus Mahometicus,Coranus Arabice,Der Koran,Le Coran,The Qoran,The Holy Qurʾān,Il Corano,Qurʾān-i maǧīd,Qurʾān maǧīd,al-Muṣḥaf aš-šarīf,Muṣḥaf al-Madīna an-nabawiyya al-murattal ʿalā riwāyat Ḥafṣ ʿan Āṣim,Coran,al-Qur'an,Xuraan,القرآن,القرآن,ال فرقان,قرآن,古蘭經
|
| SYE |
0 |
0 |
|a Islam , Religious studies,Religionsphilosophie,Scholasticism,Scholastik,Theologie,Theology,Religionsforschung , Islam , Islamkunde,Islamistik,Islamic studies,Muslim studies , Religion,Mystik,Mythologie , History,Geschichtliche Epoche,Historical development,Historische Entwicklung,Landesgeschichte,Regionalgeschichte,Ortsgeschichte,Zeitgeschichte , Politische Ideologie,politische Ideologie,Ideologie, politische,Politische Ideologie,Ideologien , Religious community,Glaubensgemeinschaft,Religiöse Vereinigung,Scientology,Sekte,Religionsgenossenschaft,Religionsgesellschaft,Religionsgemeinschaften , Muslimin,Muslime,Mohammedaner,Mohammedanerin,Moslem,Muselman,Muselmann,Moslemische Frau,Muslimische Frau,Muslima,Moslemin,Mosliminnen,Moslem,Mohammedaner,Muselman,Muselmann,Muslime , Religiöse Betätigung,Religiöse Praxis , Islam,Sharia,Scharia,Šarīʿa,Scheriʿa,Scheriat
|
| SYF |
0 |
0 |
|a Naher Orient,Vorderasien,Vorderer Orient,Südwestasien,Asien,Südwest,Nahost,Middle East,Moyen-Orient,Westasien,Asien,West , Middle East,Naher Osten,Nahost,Vorderasien,Vorderer Orient,West Asia,Westasien,Western Asia , Maghreb,Afrika(Nord-),Afrika,Nord,Kleinafrika
|
| SYG |
0 |
0 |
|a Islam
|